000 01011nam a22002417a 4500
999 _c64068
_d64068
005 20240530110713.0
008 180121s2015 ua a f b 000 0dara d
017 _a2014/21047
_bمصر. دار الكتب
020 _a9789773223424
040 _aEG-CaGPL
_cEG-CaGPL
082 0 4 _221
_a239\
_bأ أ
100 0 _aامام الشافعى محمد حمودى
245 1 2 _aالاغتيالات السياسية فى العهد النبوى :
_bدراسات تاريخية للدوافع والنتائج /
_cتأليف امام الشافعى محمد حمودى .
250 _aط.1
260 _aالقاهرة :
_bعين للدراسات و البحوث الانسانية و الاجتماعية ،
_c2015 .
300 _a143 ص. ؛
_c24 سم.
504 _aببليوجرافية : ص 137 - 143
650 0 7 _2qrmak
_aالاغتيالات السياسية
650 0 7 _2qrmak
_aالسيرة النبوية
651 _2qrmak
942 _2ddc
_cBK